La obra de César Lombroso (Record no. 150602)

MARC details
000 -LEADER
campo de control de longitud fija 00639nam a2200181 i 4500
001 - NÚMERO DE CONTROL
campo de control 150602
003 - IDENTIFICADOR DE NÚMERO DE CONTROL
campo de control ES-MaACL
005 - FECHA Y HORA DE LA ÚLTIMA TRANSACCIÓN
campo de control 20250831132618.0
007 - CAMPO FIJO DE DESCRIPCIÓN FÍSICA--INFORMACIÓN GENERAL
campo de control de longitud fija t|
008 - DATOS DE LONGITUD FIJA--INFORMACIÓN GENERAL
campo de control de longitud fija 071031s1909 sp ||||1| spa d
100 1# - ENTRADA PRINCIPAL--NOMBRE DE PERSONA
Nombre de persona Valentí Vivó, Ignacio.
9 (RLIN) 112601
245 13 - MENCIÓN DEL TÍTULO
Título La obra de César Lombroso
Resto del título : conferencia de extensión universitaria dada en la Cátedra de Medicina Legal y Toxicología de la Universidad de Barcelona /
Mención de responsabilidad, etc. Ignacio Valentí y Vivó.
260 ## - PUBLICACIÓN, DISTRIBUCIÓN, ETC.
Lugar de publicación, distribución, etc. Barcelona :
Nombre del editor, distribuidor, etc. La Neotipia,
Fecha de publicación, distribución, etc. 1909.
300 ## - DESCRIPCIÓN FÍSICA
Extensión 23 p.
600 14 - PUNTO DE ACCESO ADICIONAL DE MATERIA--NOMBRE DE PERSONA
Nombre de persona Lombroso, Cesare,
Fechas asociadas al nombre 1835-1909
9 (RLIN) 242173
852 ## - LOCALIZACIÓN
Ubicación ES-MaACL
Número de control de estantería T-1192-F-2
Holdings
Estatus retirado Estado de pérdida Estado de daño No para préstamo Colección Biblioteca de origen Biblioteca actual Ubicación en estantería Fecha de adquisición Fuente de adquisición Total de préstamos Signatura topográfica completa Código de barras Visto por última vez Precio de reemplazo Tipo de ítem Koha
        Colección de folletos Biblioteca del Ateneo de Madrid Biblioteca del Ateneo de Madrid Depósito folletos 17/01/2008     T-1192-F-2 1157147 23/02/2023 23/02/2023 Folleto